| 000 | 00767nam a22001697a 4500 | ||
|---|---|---|---|
| 008 | 110718s19?? xxu|||||r|||| 00| 0 ara d | ||
| 082 |
_222 _a335.43 _bش ي ب |
||
| 100 |
_926321 _aشيبتولين، ا. ب |
||
| 245 |
_aالفلسفة : _bالماركسية اللينينية / _c ترجمة لويس اسكاروس؛ ا. ب. شيبتولين |
||
| 260 |
_aالقاهرة : _bالثقافة الجديدة، [19??] _c[19??] |
||
| 300 |
_a324 ص ؛ _c24 سم |
||
| 650 |
_922285 _aالماركسية اللينينية |
||
| 653 |
_bGeneral _cJuly2011 |
||
| 700 |
_926320 _aاسكاروس، لويس |
||
| 942 |
_2ddc _cBB |
||
| 999 |
_c15697 _d15697 |
||